LEADER 01075nam a2200277 i 4500 001 991001150269707536 005 20020507184156.0 008 970710s1967 de ||| | ger 035 $ab10807767-39ule_inst 035 $aLE01307825$9ExL 040 $aDip.to Matematica$beng 082 0 $a511.322 084 $aAMS 03E 100 1 $aJensen, Ronald Bjorn$0349712 245 10$aModelle der Mengenlehre :$bwiderspruchsfreiheit und Unabhangigkeit der Kontinuum-Hypothese und des Auswahlaxioms /$cRonald Bjorn Jensen ; ausgearbeitet von Franz Josef Leven 260 $aBerlin :$bSpringer-Verlag,$c1967 300 $a176 p. ;$c26 cm 490 0 $aLecture notes in mathematics,$x0075-8434 ;$v37 650 0$aSet theory 700 1 $aLeven, Franz Joseph 907 $a.b10807767$b19-07-19$c28-06-02 912 $a991001150269707536 945 $aLE013 03E JEN11 (1967)$g1$i2013000089256$lle013$o-$pE0.00$q-$rl$s- $t0$u0$v0$w0$x0$y.i10912782$z28-06-02 996 $aModelle der Mengenlehre$9355185 997 $aUNISALENTO 998 $ale013$b01-01-97$cm$da $e-$fger$gde $h0$i1